000
00316nam a2200121 a 4500
005
20140414132111.0
008
110520s19uu xx 00 eng d
050
_a
VCD
_b
P94
245
_a
The prodigal son.
260
_b
Nest Entertainment.
440
_a
The Animated Stories from the New Testament
999
_c
114769
_d
114769